[Event "PRO League Group Stage"]
[Site "chess.com INT"]
[Date "2018.01.18"]
[Round "1"]
[White "Sevian, Samuel"]
[Black "Sadorra, Julio Catalino"]
[Result "1/2-1/2"]
[WhiteTitle "GM"]
[BlackTitle "GM"]
[WhiteElo "2614"]
[BlackElo "2539"]
[WhiteTeam "San Diego Surfers"]
[BlackTeam "Dallas Destiny"]
[WhiteFideId "2040506"]
[BlackFideId "5201268"]
[EventDate "2018.01.18"]

1. e4 c5 2. Nf3 e6 3. d4 cxd4 4. Nxd4 a6 5. Bd3 Ne7 6. O-O Nbc6 7. Nb3 g6 8. c4
Bg7 9. Nc3 O-O 10. Bg5 h6 11. Bh4 g5 12. Bg3 Ne5 13. f4 gxf4 14. Bxf4 N7g6 15.
Be3 b5 16. cxb5 Nxd3 17. Qxd3 Ne5 18. Qe2 axb5 19. Nxb5 Ba6 20. a4 Rb8 21. Rad1
Qh4 22. Rf4 Qg5 23. Rxf7 Qg4 24. Qxg4 Nxg4 25. Rxf8+ Bxf8 26. Bd4 Bxb5 27. axb5
Rxb5 28. Rd3 e5 29. Rg3 h5 30. Bf2 Bh6 31. h3 Bf4 32. Rf3 Nxf2 33. Kxf2 h4 34.
Rd3 Rb4 35. Nc5 Rxb2+ 36. Kf3 Kf7 37. Rxd7+ Kf6 38. Nd3 Rb3 39. Kg4 Bg3 40. Rd6+
Ke7 41. Rd5 Kf6 42. Rd6+ Ke7 43. Rd7+ Kf6 44. Rd5 Rc3 45. Kf3 Ke6 46. Kg4 Rc2
47. Kf3 Rc3 48. Ke3 Rc2 49. Kf3 Rc3 50. Kg4 Rc2 51. Nc5+ Kf6 52. Rd6+ Ke7 53.
Re6+ Kf7 54. Rc6 Rxg2 55. Nd3 Rd2 56. Rd6 Ke7 57. Rd5 Rd1 58. Kf5 Rf1+ 59. Kg4
Rf8 60. Nc5 Rg8+ 61. Kf5 Rf8+ 62. Kg5 Rg8+ 63. Kf5 Rf8+ 64. Kg6 Rf6+ 65. Kh5 Rf8
66. Rd7+ Kf6 67. Rd6+ Ke7 68. Re6+ Kf7 69. Rc6 Rg8 70. Rc7+ Kf6 71. Rc6+ Kf7 72.
Rc7+ Kf6 73. Rc6+ Kf7 1/2-1/2

[Event "PRO League Group Stage"]
[Site "chess.com INT"]
[Date "2018.01.18"]
[Round "1"]
[White "Hauge, Lars Oskar"]
[Black "Hayrapetyan, Artavazd R."]
[Result "1-0"]
[WhiteTitle "IM"]
[BlackTitle "FM"]
[WhiteElo "2436"]
[BlackElo "2370"]
[WhiteTeam "Oslo Trolls"]
[BlackTeam "Armenia Eagles"]
[WhiteFideId "1509276"]
[BlackFideId "13304240"]
[EventDate "2018.01.18"]

1. e4 e6 2. d4 d5 3. Nd2 Nc6 4. c3 e5 5. exd5 Qxd5 6. Ngf3 exd4 7. Bc4 Qf5 8.
cxd4 Be6 9. O-O O-O-O 10. Bxe6+ fxe6 11. Nc4 Nf6 12. Be3 Ng4 13. Rc1 Bd6 14. Qa4
Kb8 15. Rfe1 Rhf8 16. Nce5 Bxe5 17. dxe5 Nxe3 18. Rxe3 Nd4 19. Qa5 b6 20. Qc3
Rf7 21. h3 Nxf3+ 22. Rxf3 Qg6 23. a4 Rxf3 24. Qxc7+ Ka8 25. Qxd8+ Kb7 26. Qc8# 1-0

[Event "PRO League Group Stage"]
[Site "chess.com INT"]
[Date "2018.01.18"]
[Round "1"]
[White "Hauge, Lars Oskar"]
[Black "Shevchenko, Kirill"]
[Result "1/2-1/2"]
[WhiteTitle "IM"]
[BlackTitle "GM"]
[WhiteElo "2436"]
[BlackElo "2538"]
[WhiteTeam "Oslo Trolls"]
[BlackTeam "Armenia Eagles"]
[WhiteFideId "1509276"]
[BlackFideId "14129574"]
[EventDate "2018.01.18"]

1. d4 Nf6 2. Bf4 e6 3. e3 c5 4. Nf3 d5 5. c3 Nc6 6. Nbd2 Bd6 7. Bg3 O-O 8. Bd3
Re8 9. Ne5 Bxe5 10. dxe5 Nd7 11. f4 c4 12. Bc2 Qb6 13. O-O Qxe3+ 14. Kh1 Nf8 15.
Rb1 h6 16. Rf3 Qb6 17. Bh4 Ne7 18. Bxe7 Rxe7 19. Rg3 Qf2 20. Rf3 Qb6 21. Qe2 Bd7
22. Rg3 Ng6 23. Bxg6 fxg6 24. Nf3 Rf8 25. Qd2 Ref7 26. Rg4 Qd8 27. h3 Rf5 28.
Nd4 h5 29. Rxg6 Rxf4 30. Nxe6 Bxe6 31. Rxe6 d4 32. cxd4 Qxd4 33. Qxd4 Rxd4 34.
Rd6 Rxd6 35. exd6 Rd8 36. Rd1 Kf7 37. Rd4 b5 38. a4 bxa4 39. Rxc4 Rxd6 40. Rxa4
a6 41. Ra5 Rb6 42. Rxh5 Rxb2 43. Rh8 a5 44. Ra8 Ra2 45. Kh2 a4 46. h4 a3 47. Kh3
Ra1 48. g3 Kg6 49. Kg4 a2 50. Ra6+ Kh7 51. h5 Kh8 52. Kg5 Rg1 53. Rxa2 Rxg3+ 54.
Kh4 Rb3 55. Ra4 Kh7 1/2-1/2

[Event "PRO League Group Stage"]
[Site "chess.com INT"]
[Date "2018.01.18"]
[Round "1"]
[White "Le, Quang Liem"]
[Black "Arnold, Marc"]
[Result "1-0"]
[WhiteTitle "GM"]
[BlackTitle "GM"]
[WhiteElo "2737"]
[BlackElo "2524"]
[WhiteTeam "Webster Windmills"]
[BlackTeam "Montclair Sopranos"]
[WhiteFideId "12401137"]
[BlackFideId "2022320"]
[EventDate "2018.01.18"]

1. d4 Nf6 2. c4 e6 3. Nf3 Bb4+ 4. Bd2 Qe7 5. g3 Nc6 6. Nc3 O-O 7. Bg2 d6 8. O-O
Bxc3 9. Bxc3 e5 10. d5 Nb8 11. Nd2 Bg4 12. b4 c6 13. h3 Bh5 14. Ne4 Nxe4 15.
Bxe4 f5 16. Bf3 Bxf3 17. exf3 f4 18. Qd3 Nd7 19. Rad1 c5 20. Kg2 Rf6 21. Rh1
fxg3 22. fxg3 Raf8 23. Rhf1 Rg6 24. Rde1 Qg5 25. g4 Qh4 26. Re4 Rh6 27. f4 exf4
28. Rfxf4 Rxf4 29. Rxf4 cxb4 30. Bxb4 Rf6 31. Qe3 Rxf4 32. Qxf4 Qe7 33. Bxd6
Qe2+ 34. Kg3 Qd3+ 35. Kh4 h6 36. Qf5 Qxf5 37. gxf5 Nb6 38. Bc5 Nxc4 39. Bxa7 Kf7
40. Bd4 Nd6 41. Kg4 g6 42. fxg6+ Kxg6 43. Kf4 1-0

[Event "PRO League Group Stage"]
[Site "chess.com INT"]
[Date "2018.01.18"]
[Round "1"]
[White "Tiglon, Bryce"]
[Black "Ly, Moulthun"]
[Result "1-0"]
[WhiteTitle "IM"]
[BlackTitle "GM"]
[WhiteElo "2385"]
[BlackElo "2480"]
[WhiteTeam "Seattle Sluggers"]
[BlackTeam "Australia Kangaroos"]
[WhiteFideId "2087456"]
[BlackFideId "3204405"]
[EventDate "2018.01.18"]

1. e4 e5 2. Nf3 Nc6 3. Bb5 a6 4. Ba4 d6 5. O-O Bd7 6. d4 b5 7. Bb3 Nxd4 8. Nxd4
exd4 9. c3 d3 10. Qxd3 Nf6 11. f4 Be6 12. Bxe6 fxe6 13. Qh3 Qd7 14. e5 dxe5 15.
fxe5 Nd5 16. Bg5 Be7 17. Bxe7 Qxe7 18. a4 O-O-O 19. axb5 axb5 20. Na3 c6 21. Kh1
Rhf8 22. Rfd1 Nf4 23. Qf3 Rd5 24. Qe4 Qc5 25. Qxh7 Qf2 26. Rg1 Ne2 27. Qxg7 Nxg1
28. Nc4 Rf7 29. Qg8+ Rf8 30. Qxe6+ Kb7 31. Na5+ Kb6 32. Qxc6+ Ka7 33. Qb7# 1-0

[Event "PRO League Group Stage"]
[Site "chess.com INT"]
[Date "2018.01.18"]
[Round "1"]
[White "Tiglon, Bryce"]
[Black "Kuybokarov, Temur"]
[Result "0-1"]
[WhiteTitle "IM"]
[BlackTitle "IM"]
[WhiteElo "2385"]
[BlackElo "2472"]
[WhiteTeam "Seattle Sluggers"]
[BlackTeam "Australia Kangaroos"]
[WhiteFideId "2087456"]
[BlackFideId "14203049"]
[EventDate "2018.01.18"]

1. e4 c5 2. Nf3 e6 3. d4 cxd4 4. Nxd4 Nc6 5. Nc3 Qc7 6. g3 a6 7. Bg2 Nf6 8. O-O
Be7 9. Re1 d6 10. Nxc6 bxc6 11. e5 dxe5 12. Rxe5 O-O 13. Bf4 Qb7 14. Na4 Nd5 15.
Bd2 Qc7 16. Re1 Rd8 17. Qf3 Bd7 18. Nc3 Rab8 19. Rab1 Be8 20. Qg4 Nf6 21. Qe2 c5
22. Bf4 Bd6 23. Bxd6 Rxd6 24. Ne4 Nxe4 25. Bxe4 c4 26. b3 c3 27. Rbd1 Rbd8 28.
Rxd6 Qxd6 29. Qe3 Qd2 30. Bd3 Bc6 31. Qxd2 cxd2 32. Rd1 e5 33. Kf1 Bf3 34. Be2
e4 35. c4 Rd3 36. b4 Kf8 37. b5 axb5 38. cxb5 Ke7 39. a4 Kd6 40. a5 Kc5 41. a6
Kb6 42. g4 Rc3 43. Rxd2 Rc1+ 44. Bd1 Rxd1+ 45. Rxd1 Bxd1 46. h3 Ba4 47. Ke2
Bxb5+ 48. Ke3 Bc6 0-1

[Event "PRO League Group Stage"]
[Site "chess.com INT"]
[Date "2018.01.18"]
[Round "1"]
[White "Vachier-Lagrave, Maxime"]
[Black "Thorfinnsson, Bragi"]
[Result "1-0"]
[WhiteTitle "GM"]
[BlackTitle "IM"]
[WhiteElo "2793"]
[BlackElo "2426"]
[WhiteTeam "Marseille Migraines"]
[BlackTeam "Reykjavik Puffins"]
[WhiteFideId "623539"]
[BlackFideId "2300958"]
[EventDate "2018.01.18"]

1. e4 e5 2. Nf3 Nc6 3. Bb5 g6 4. O-O Bg7 5. c3 a6 6. Bc4 d6 7. Re1 Nf6 8. d4 O-O
9. Nbd2 exd4 10. cxd4 d5 11. exd5 Nxd5 12. Ne4 Kh8 13. h3 Nxd4 14. Nxd4 Nb6 15.
Bb3 Qxd4 16. Qxd4 Bxd4 17. Bh6 Bg7 18. Bf4 Be6 19. Bxe6 fxe6 20. Bxc7 Nd5 21.
Bd6 Rfd8 22. Ng5 Rd7 23. Rxe6 Nc7 24. Bxc7 Rxc7 25. Re2 Rac8 26. g3 Rc2 27. Rae1
h6 28. Nf7+ Kh7 29. b3 Rxe2 30. Rxe2 Rc7 31. Nd6 b5 32. Kg2 Rd7 33. Ne4 Rc7 34.
h4 a5 35. Rd2 a4 36. Kf3 axb3 37. axb3 Ra7 38. Rd5 Rb7 39. h5 gxh5 40. Rxh5 b4
41. Rd5 Ra7 42. Rd3 Rf7+ 43. Kg4 Re7 44. f3 Rc7 45. f4 Bc3 46. f5 Rg7+ 47. Kf4
Rc7 48. g4 Bb2 49. Rd6 Bc1+ 50. Ke5 Bb2+ 51. Ke6 Rg7 52. Rd7 Rxd7 53. Kxd7 Kg7
54. Ke7 Be5 55. f6+ Kg6 56. f7 Bg7 57. Ng3 Bf8+ 58. Kxf8 1-0

[Event "PRO League Group Stage"]
[Site "chess.com INT"]
[Date "2018.01.18"]
[Round "1"]
[White "Vachier-Lagrave, Maxime"]
[Black "Olafsson, Helgi"]
[Result "1/2-1/2"]
[WhiteTitle "GM"]
[BlackTitle "GM"]
[WhiteElo "2793"]
[BlackElo "2508"]
[WhiteTeam "Marseille Migraines"]
[BlackTeam "Reykjavik Puffins"]
[WhiteFideId "623539"]
[BlackFideId "2300010"]
[EventDate "2018.01.18"]

1. e4 c5 2. Nf3 d6 3. Bb5+ Nc6 4. O-O Bd7 5. c3 Nf6 6. Re1 a6 7. Bc4 b5 8. Bf1
Bg4 9. a4 b4 10. h3 Bxf3 11. Qxf3 g6 12. d3 Bg7 13. Be3 Nd7 14. Rc1 O-O 15. Nd2
Rb8 16. Qd1 f5 17. exf5 gxf5 18. g3 e5 19. Bg2 Na5 20. f4 exf4 21. Bxf4 Ne5 22.
Bd5+ Kh8 23. Nf3 bxc3 24. bxc3 c4 25. dxc4 Nb3 26. Nd4 Nxa1 27. Rxa1 Rb2 28. Ne6
Qb6+ 29. c5 dxc5 30. Nxg7 c4+ 31. Qd4 Qxd4+ 32. cxd4 Nd3 33. Bh6 Rf6 34. Bxc4
Nf2 35. Bc1 Nxh3+ 36. Kh1 Rc2 37. Bb3 Rc3 38. Nh5 Rfc6 39. Bb2 Rxb3 40. d5+ Rxb2
41. dxc6 Rc2 42. Rb1 Kg8 43. Rb6 Kf7 44. Rxa6 Kg6 45. Nf4+ Nxf4 46. gxf4 Kh5 47.
Rb6 Kg4 48. Kg1 Rc5 49. Kf2 Kxf4 50. a5 Rxa5 51. Rb4+ Kg5 52. Rc4 Ra8 53. c7 Rc8
54. Rc6 Kf4 55. Rc4+ Ke5 56. Kf3 Kd6 57. Kf4 Rxc7 58. Rxc7 Kxc7 59. Kxf5 h5 60.
Kg5 h4 61. Kxh4 1/2-1/2

[Event "PRO League Group Stage"]
[Site "chess.com INT"]
[Date "2018.01.18"]
[Round "1"]
[White "Carlsen, Magnus"]
[Black "Sharafiev, Azat"]
[Result "1-0"]
[WhiteTitle "GM"]
[BlackTitle "IM"]
[WhiteElo "2834"]
[BlackElo "2432"]
[WhiteTeam "Norway Gnomes"]
[BlackTeam "Volga Stormbringers"]
[WhiteFideId "1503014"]
[BlackFideId "4186214"]
[EventDate "2018.01.18"]

1. e4 e5 2. Nf3 Nc6 3. Bb5 Nf6 4. Nc3 Bd6 5. d3 a6 6. Ba4 O-O 7. g4 Nxg4 8. Rg1
Nf6 9. Bg5 Be7 10. Bxc6 dxc6 11. Nxe5 Qd4 12. Nf3 Qb4 13. Qc1 Re8 14. a3 Qb6 15.
Qf4 Kh8 16. O-O-O Be6 17. Qh4 c5 18. Rg3 Ng8 19. Bxe7 Rxe7 20. Ng5 h6 21. f4 f6
22. Nf3 Qa5 23. f5 Bd7 24. Nd5 Rf7 25. Rdg1 b5 26. Nxf6 gxf6 27. Rxg8+ Rxg8 28.
Qxh6+ Rh7 29. Qxf6+ Rhg7 30. Rg6 1-0

[Event "PRO League Group Stage"]
[Site "chess.com INT"]
[Date "2018.01.18"]
[Round "1"]
[White "Carlsen, Magnus"]
[Black "Gorozhanin, Mikhail"]
[Result "1-0"]
[WhiteTitle "GM"]
[BlackTitle "FM"]
[WhiteElo "2834"]
[BlackElo "2435"]
[WhiteTeam "Norway Gnomes"]
[BlackTeam "Volga Stormbringers"]
[WhiteFideId "1503014"]
[BlackFideId "4178262"]
[EventDate "2018.01.18"]

1. e4 e6 2. d3 d5 3. Qe2 Be7 4. Nf3 Nf6 5. g3 c5 6. Bg2 Nc6 7. O-O b6 8. e5 Nd7
9. c4 dxc4 10. dxc4 Bb7 11. Nc3 h6 12. Rd1 a6 13. h4 Qc7 14. h5 O-O-O 15. Bf4 g5
16. hxg6 fxg6 17. Nd5 Qb8 18. Bh3 exd5 19. e6 Nf6 20. Bxb8 Kxb8 21. cxd5 Nxd5
22. Rd2 Rd6 23. Rad1 Rhd8 24. Ne5 Nd4 25. Rxd4 cxd4 26. Nf7 d3 27. Qe5 Nc7 28.
Nxd6 Rxd6 29. Qg7 Nd5 30. Rxd3 Rc6 31. Rxd5 Rc1+ 32. Kh2 Bxd5 33. Qe5+ Rc7 34.
Qxd5 1-0

[Event "PRO League Group Stage"]
[Site "chess.com INT"]
[Date "2018.01.18"]
[Round "1"]
[White "Manukian, Artak"]
[Black "Hauge, Lars Oskar"]
[Result "1-0"]
[BlackTitle "IM"]
[WhiteElo "2196"]
[BlackElo "2436"]
[WhiteTeam "Armenia Eagles"]
[BlackTeam "Oslo Trolls"]
[WhiteFideId "13301373"]
[BlackFideId "1509276"]
[EventDate "2018.01.18"]

1. e4 c5 2. Nf3 d6 3. Bb5+ Bd7 4. Bxd7+ Nxd7 5. c4 Ngf6 6. Nc3 g6 7. O-O Bg7 8.
d3 O-O 9. Bg5 a6 10. a4 Re8 11. Qd2 Ng4 12. Nd5 Nge5 13. Ne1 Nc6 14. Bh6 Bh8 15.
Nf3 Nde5 16. Nxe5 Bxe5 17. f4 Bd4+ 18. Kh1 e6 19. Nc3 f5 20. Rae1 Qf6 21. Bg5
Qg7 22. Bh4 h6 23. Bf2 Bf6 24. Re2 Nd4 25. Bxd4 Bxd4 26. Rfe1 Qf7 27. g3 Kh7 28.
Kg2 Re7 29. exf5 gxf5 30. Nd5 Ree8 31. Nb6 Rad8 32. a5 h5 33. b4 h4 34. b5 Qg6
35. Rf1 Kg7 36. bxa6 bxa6 37. Qd1 Kf7 38. Rc2 Rh8 39. Rh1 Rdg8 40. Qf3 Qh5 41.
Qxh5+ Rxh5 42. Rcc1 Rh7 43. Rb1 Rhg7 44. Na4 Kf6 45. Rb6 hxg3 46. h3 Bf2 47.
Rxd6 Rb8 48. Nb6 Rh8 49. Nd5+ Kf7 50. Nc7 Rg6 51. Rd7+ Kf6 52. Rb1 Rg7 53. Rxg7
Kxg7 54. Nxe6+ Kf7 55. Ng5+ Ke7 56. Rb7+ Kf6 57. Rb6+ Kg7 58. Rxa6 Re8 59. Re6
Rb8 60. Rb6 Re8 61. Ne6+ Kf7 62. a6 Be1 63. a7 1-0

[Event "PRO League Group Stage"]
[Site "chess.com INT"]
[Date "2018.01.18"]
[Round "1"]
[White "Manukian, Artak"]
[Black "Stokke, Kjetil"]
[Result "0-1"]
[BlackTitle "IM"]
[WhiteElo "2196"]
[BlackElo "2336"]
[WhiteTeam "Armenia Eagles"]
[BlackTeam "Oslo Trolls"]
[WhiteFideId "13301373"]
[BlackFideId "1502964"]
[EventDate "2018.01.18"]

1. e4 c5 2. Nf3 g6 3. c3 Bg7 4. d4 cxd4 5. cxd4 d5 6. exd5 Nf6 7. Bb5+ Nbd7 8.
Nc3 O-O 9. Bxd7 Qxd7 10. Ne5 Qd8 11. Qb3 b6 12. O-O Bb7 13. Nc6 Qd7 14. Ne5 Qd6
15. Nc4 Qd8 16. Ne3 Qd7 17. a4 Rfd8 18. Re1 Nxd5 19. Nexd5 Bxd5 20. Nxd5 Qxd5
21. Qxd5 Rxd5 22. Rxe7 Bxd4 23. g3 Bc5 24. Re1 Bb4 25. Rf1 Rc8 26. Bh6 Bd2 27.
Rad1 Rcd8 28. Rxd2 Rxd2 29. Bxd2 Rxd2 30. Rb1 Kg7 31. b3 a5 32. Rc1 Rd3 33. Rb1
h5 34. h4 Kf6 35. Kf1 Rc3 36. Ke2 Ke5 37. b4 Ra3 38. bxa5 bxa5 39. Rb5+ Ke4 40.
Rd5 Kxd5 0-1

[Event "PRO League Group Stage"]
[Site "chess.com INT"]
[Date "2018.01.18"]
[Round "1"]
[White "Maurizzi, Marc Andria"]
[Black "Gretarsson, Hjorvar Steinn"]
[Result "0-1"]
[WhiteTitle "CM"]
[BlackTitle "GM"]
[WhiteElo "2018"]
[BlackElo "2565"]
[WhiteTeam "Marseille Migraines"]
[BlackTeam "Reykjavik Puffins"]
[WhiteFideId "36083534"]
[BlackFideId "2302241"]
[EventDate "2018.01.18"]

1. e4 c5 2. Nc3 a6 3. g3 b5 4. Bg2 Bb7 5. Nge2 e6 6. d4 cxd4 7. Nxd4 b4 8. Na4
Nf6 9. O-O d6 10. Re1 Qc7 11. c3 bxc3 12. Nxc3 Nbd7 13. Be3 Rc8 14. Rc1 Qb8 15.
h3 Be7 16. Qd2 O-O 17. f4 Rfd8 18. Kh2 h6 19. Bf2 Bf8 20. Nb3 Ba8 21. Qe2 Nc5
22. Nxc5 dxc5 23. Red1 Rxd1 24. Rxd1 c4 25. Bd4 Bc6 26. Rd2 Nd7 27. Nd1 e5 28.
Be3 exf4 29. Bxf4 Qb4 30. Nc3 Nc5 31. Nd5 Bxd5 32. exd5 Nd3 33. a3 Nxf4 34. gxf4
Qd6 35. Rd4 c3 36. bxc3 Rxc3 37. Ra4 Qc5 38. Rxa6 Rc1 39. Rc6 Qg1+ 40. Kg3 Re1
41. Qf2 Re3+ 0-1

[Event "PRO League Group Stage"]
[Site "chess.com INT"]
[Date "2018.01.18"]
[Round "1"]
[White "Maurizzi, Marc Andria"]
[Black "Thorfinnsson, Bjorn"]
[Result "0-1"]
[WhiteTitle "CM"]
[BlackTitle "IM"]
[WhiteElo "2018"]
[BlackElo "2400"]
[WhiteTeam "Marseille Migraines"]
[BlackTeam "Reykjavik Puffins"]
[WhiteFideId "36083534"]
[BlackFideId "2300982"]
[EventDate "2018.01.18"]

1. e4 e5 2. Nf3 Nc6 3. d4 exd4 4. Nxd4 Nf6 5. Nxc6 bxc6 6. e5 Qe7 7. Qe2 Nd5 8.
Nd2 d6 9. exd6 Qxe2+ 10. Bxe2 cxd6 11. O-O Be7 12. Bf3 Be6 13. c4 Nb4 14. a3 Nc2
15. Bxc6+ Kd8 16. Bxa8 Nxa1 17. Be4 Kd7 18. b4 Bf6 19. Bd3 Rc8 20. Rd1 Ke7 21.
h3 h6 22. Ne4 Be5 23. c5 Nb3 24. Ba6 Rd8 25. cxd6+ Bxd6 26. Rxd6 Rxd6 27. Nxd6
Nxc1 28. Ne4 Nb3 29. Kf1 Nd4 30. Nc3 Nc2 31. Nb5 Bc4+ 32. Kg1 Nxa3 33. Nxa3 Bxa6
34. f3 Kd6 35. Kf2 Kd5 36. Ke3 g5 37. g3 f5 38. f4 g4 39. hxg4 fxg4 40. Nc2 Bc8
41. Nd4 Bd7 42. Kd3 h5 0-1

[Event "PRO League Group Stage"]
[Site "chess.com INT"]
[Date "2018.01.18"]
[Round "1"]
[White "Arnold, Marc"]
[Black "Cervantes Landeiro, Thalia"]
[Result "1-0"]
[WhiteTitle "GM"]
[BlackTitle "WFM"]
[WhiteElo "2524"]
[BlackElo "2128"]
[WhiteTeam "Montclair Sopranos"]
[BlackTeam "Webster Windmills"]
[WhiteFideId "2022320"]
[BlackFideId "3520498"]
[EventDate "2018.01.18"]

1. d4 Nf6 2. Nc3 d5 3. Bg5 Bf5 4. e3 e6 5. Nf3 Be7 6. Ne5 Nbd7 7. g4 Bg6 8. h4
h6 9. Nxg6 fxg6 10. Bf4 Bb4 11. Qd3 Kf7 12. a3 Bxc3+ 13. Qxc3 Rc8 14. Qb3 c5 15.
f3 Qb6 16. Qxb6 axb6 17. c3 Rhe8 18. Bb5 Red8 19. g5 Nh5 20. Bh2 Nb8 21. Kd2 Nc6
22. Bd3 hxg5 23. hxg5 Re8 24. Bb5 Rh8 25. Bxc6 bxc6 26. b3 cxd4 27. cxd4 Ke7 28.
b4 Kd7 29. a4 Ra8 30. Be5 Rhf8 31. Rhf1 Rf5 32. a5 bxa5 33. bxa5 Rxg5 34. a6
Rg2+ 35. Kc3 Re2 36. Rfb1 Rxe3+ 37. Kd2 Rxf3 38. Rb7+ Kc8 39. Rc7+ Kd8 40. a7
Rb3 41. Rf7 Ke8 42. Raf1 Nf6 43. Rxg7 Ne4+ 44. Kc2 Rc3+ 45. Kb2 1-0

[Event "PRO League Group Stage"]
[Site "chess.com INT"]
[Date "2018.01.18"]
[Round "1"]
[White "Arnold, Marc"]
[Black "Shimanov, Aleksandr"]
[Result "0-1"]
[WhiteTitle "GM"]
[BlackTitle "GM"]
[WhiteElo "2524"]
[BlackElo "2641"]
[WhiteTeam "Montclair Sopranos"]
[BlackTeam "Webster Windmills"]
[WhiteFideId "2022320"]
[BlackFideId "4198603"]
[EventDate "2018.01.18"]

1. d4 Nf6 2. Nf3 g6 3. c4 Bg7 4. Nc3 O-O 5. e4 d6 6. Be2 e5 7. d5 a5 8. Bg5 h6
9. Bh4 Na6 10. Nd2 Qe8 11. O-O Nh7 12. f3 h5 13. a3 Bd7 14. b3 Bh6 15. Rb1 Be3+
16. Kh1 Nc5 17. Qc2 f5 18. b4 axb4 19. axb4 Na6 20. Qd3 f4 21. Nd1 g5 22. Be1
Ba7 23. Nb3 g4 24. c5 Qg6 25. Rg1 g3 26. Na5 Qg5 27. Nf2 Nxc5 28. bxc5 Bxc5 29.
Nh3 Qh4 30. Nxb7 Bxh3 31. gxh3 Bxg1 32. Kg2 Ng5 0-1

[Event "PRO League Group Stage"]
[Site "chess.com INT"]
[Date "2018.01.18"]
[Round "1"]
[White "Margvelashvili, Giorgi"]
[Black "Ly, Moulthun"]
[Result "1-0"]
[WhiteTitle "GM"]
[BlackTitle "GM"]
[WhiteElo "2530"]
[BlackElo "2480"]
[WhiteTeam "Seattle Sluggers"]
[BlackTeam "Australia Kangaroos"]
[WhiteFideId "13602926"]
[BlackFideId "3204405"]
[EventDate "2018.01.18"]

1. d4 Nf6 2. c4 e6 3. Nf3 d5 4. Nc3 Bb4 5. Bg5 h6 6. Bxf6 Qxf6 7. Qa4+ Nc6 8. e3
O-O 9. Be2 Bd7 10. Qc2 dxc4 11. Bxc4 Qe7 12. O-O a6 13. Rac1 Bd6 14. a3 Rfe8 15.
Rfd1 Qf8 16. Ne4 Ne7 17. Ba2 Red8 18. Bb1 f5 19. Nc5 Bc8 20. Ba2 Qf6 21. e4 Bxc5
22. dxc5 Bd7 23. exf5 Nxf5 24. Qe4 Kh8 25. Qxb7 Bb5 26. Qxc7 Rxd1+ 27. Rxd1 Be2
28. Qb7 Rf8 29. Rd2 Bb5 30. Qe4 g5 31. h3 Nh4 32. Nxh4 gxh4 33. Qxe6 Qg5 34. Qe3
Rf4 35. Rd4 Bc6 36. Bd5 1-0

[Event "PRO League Group Stage"]
[Site "chess.com INT"]
[Date "2018.01.18"]
[Round "1"]
[White "Margvelashvili, Giorgi"]
[Black "Kuybokarov, Temur"]
[Result "1/2-1/2"]
[WhiteTitle "GM"]
[BlackTitle "IM"]
[WhiteElo "2530"]
[BlackElo "2472"]
[WhiteTeam "Seattle Sluggers"]
[BlackTeam "Australia Kangaroos"]
[WhiteFideId "13602926"]
[BlackFideId "14203049"]
[EventDate "2018.01.18"]

1. Nf3 c5 2. e3 Nf6 3. d4 e6 4. c4 d5 5. cxd5 exd5 6. Bb5+ Nc6 7. O-O cxd4 8.
Nxd4 Qc7 9. Nc3 Bd6 10. h3 O-O 11. Nce2 a6 12. Ba4 Ne5 13. Bc2 Ng6 14. b3 Ne4
15. f3 Nc3 16. Nxc3 Qxc3 17. Bd2 Qc7 18. f4 Ne7 19. Rc1 Nc6 20. Qh5 g6 21. Qh6
Qe7 22. f5 Be5 23. fxg6 hxg6 24. Nf3 Bg7 25. Qf4 Ne5 26. Nxe5 Bxe5 27. Qf3 Be6
28. Bb1 Qg5 29. Kh1 Bd6 30. Bc3 Be5 31. Bxe5 Qxe5 32. Qf4 Qg7 33. Qd4 Rfc8 34.
Qxg7+ Kxg7 35. Kg1 f5 36. Kf2 Kf6 37. Ke2 Ke5 38. Kd2 Rc6 39. Rxc6 bxc6 40. Rc1
Kd6 41. h4 c5 42. g3 g5 43. hxg5 Rg8 44. g4 fxg4 45. g6 Rf8 46. Ke2 g3 47. Rg1
Rf2+ 48. Ke1 Rb2 49. Bd3 g2 50. Be2 c4 51. bxc4 dxc4 52. g7 c3 53. Rxg2 Rb1+ 54.
Kf2 c2 55. Rg6 Rb8 56. Rg1 Bf5 57. e4 Bxe4 58. Ke3 Bh7 59. Kd2 Rb1 60. Rc1 Rb4
61. Rxc2 Rb7 62. Rc3 Rxg7 63. Bxa6 Ra7 64. Ra3 Kc5 65. Rh3 Be4 66. Rh5+ Bd5 67.
Rh6 Bc6 68. Bd3 Rxa2+ 69. Ke3 Rg2 70. Rh5+ Kb4 71. Rf5 Rg3+ 72. Kd2 Ba4 73. Rf1
Bb3 74. Rb1 Rg2+ 75. Ke3 Kc3 76. Rc1+ Kb2 77. Rc7 Rg3+ 78. Kd4 Rg4+ 79. Be4 Rh4
80. Rb7 Ka3 81. Ra7+ Kb4 82. Rb7+ Ka3 83. Ra7+ Ba4 84. Ke5 Kb4 85. Rb7+ Bb5 86.
Bc6 Rh5+ 87. Kf4 Kc4 88. Rxb5 Rxb5 89. Bxb5+ 1/2-1/2

[Event "PRO League Group Stage"]
[Site "chess.com INT"]
[Date "2018.01.18"]
[Round "1"]
[White "Fernandez, Daniel Howard"]
[Black "Agrest, Evgenij"]
[Result "0-1"]
[WhiteTitle "GM"]
[BlackTitle "GM"]
[WhiteElo "2496"]
[BlackElo "2584"]
[WhiteTeam "London Lions"]
[BlackTeam "Stockholm Snowballs"]
[WhiteFideId "5801605"]
[BlackFideId "1705024"]
[EventDate "2018.01.18"]

1. d4 d5 2. Nf3 Nf6 3. c4 c6 4. Bg5 Ne4 5. Bf4 e6 6. Nbd2 f5 7. e3 Be7 8. Be2
Nd7 9. h4 O-O 10. O-O Bxh4 11. Nxh4 Qxh4 12. Qe1 Nxd2 13. Qxd2 Nf6 14. Be5 Ne4
15. Qe1 Bd7 16. f3 Qxe1 17. Rfxe1 Ng5 18. Rac1 Nf7 19. Bh2 Rfe8 20. Rc3 Rac8 21.
Rd1 Red8 22. Ra3 Ra8 23. Kf2 Be8 24. Rb3 b6 25. Bd3 c5 26. cxd5 exd5 27. dxc5
Ba4 28. c6 Bxc6 29. Rc1 Bd7 30. Rc7 g6 31. Ra3 a5 32. Rb3 b5 33. Bxb5 Bxb5 34.
Rxb5 Rac8 35. Rxa5 Rxc7 36. Bxc7 Rc8 37. Rc5 Ng5 38. Bd6 Ra8 39. a3 Kf7 40. Bf4
Ne6 41. Rxd5 Rc8 42. Rd2 Rc1 43. a4 Ra1 44. b3 Nc5 45. Be5 Rc1 46. b4 Nxa4 47.
Ra2 Nb6 48. Ra7+ Ke8 49. Rxh7 Nd5 50. Bd6 Rb1 51. Kg3 Kd8 52. Bc5 g5 53. Rh5 f4+
54. exf4 gxf4+ 55. Kh4 Rd1 56. Re5 Kd7 57. b5 Rd2 58. Kh3 Rd1 59. Kg4 Rd2 60.
Kf5 Kc8 61. Re8+ Kd7 62. Rg8 Ne3+ 63. Kxf4 Nxg2+ 64. Kg3 Ne1 65. Rg7+ Kc8 66.
Bf2 Nd3 67. Be3 Rb2 68. b6 Rb5 69. Rc7+ Kd8 70. Kh4 Ne5 71. Bg5+ Ke8 72. Re7+
Kf8 73. b7 Ng6+ 0-1